NBA 2024-2025 Top 10 Worst First Options - Statistics

General Stats
  • This quiz has been taken 559 times
  • The average score is 9 of 10
Answer Stats
Hint Answer % Correct
Wizards Kyle Kuzma
97%
Pistons Cade Cunningham
95%
Hornets LaMelo Ball
95%
Pelicans Zion Williamson
95%
Raptors Scottie Barnes
94%
Bulls Zach LaVine
94%
Rockets Alperen Sengun
93%
Nets Cameron Thomas
92%
Jazz Lauri Markkanen
88%
Trail Blazers Deandre Ayton
83%
No matching quizzes found
Score Distribution
Percent of People with Each Score
Percentile by Number Answered
Your Score History
You have not taken this quiz